Quiz de opción múltiple - Milán - Estadísticas

Estadísticas generales
  • Esta prueba ha sido intentada 27 veces
  • La puntuación promedio es 6 de 10
Estadísticas de respuestas
Pregunta Respuesta % Correcto
¿Cuál es el nombre italiano de Milán? Milano
100%
¿Por qué industria es más conocida Milán? Moda
96%
¿Milán es la capital de qué región? Lombardía
74%
¿Qué es La Scala? Un teatro de ópera
70%
¿Cuáles de estas obras de arte se pueden ver en Milán? La Última Cena
65%
¿Quién emitió el Edicto de Milán en el año 313 d.C., concediendo tolerancia a los cristianos en el Imperio Romano? Constantino
57%
¿Qué castillo fue construido por el duque de Milán en el siglo XV? Castillo Sforzesco
52%
¿Qué es lo más probable que hagas en la Galería Vittorio Emanuele II? Comprar cosas
52%
¿Cuál de estas personas nació y murió en Milán? Silvio Berlusconi
43%
¿Cuánto tiempo tardó aproximadamente en construirse la catedral de Milán? 600 años
26%
No se encontraron pruebas coincidentes
Distribución de puntuación
Porcentaje de gente con cada puntuación
Porcentaje por número respondido
Historial de tus puntuaciones
No has intentado esta prueba.